Pokémon - Ranger-Verzeichnis (Almia) - Statistiken

Allgemein
  • Dieses Quiz wurde 8 mal gespielt
  • Das Durchschnittsergebnis liegt bei 216 aus 270
Antwortstatistiken
Nr. Pokémon % Korrekt
R-066 Arkani
100%
R-055 Bamelin
100%
R-005 Bidifas
100%
R-004 Bidiza
100%
R-056 Bojelin
100%
R-248 Bronzel
100%
R-249 Bronzong
100%
R-039 Charmian
100%
R-052 Chelast
100%
R-053 Chelcarain
100%
R-054 Chelterrar
100%
R-093 Corasonn
100%
R-254 Cresselia
100%
R-257 Darkrai
100%
R-142 Driftlon
100%
R-143 Drifzepeli
100%
R-115 Duflor
100%
R-070 Elekid
100%
R-071 Elektek
100%
R-072 Elevoltek
100%
R-086 Finneon
100%
R-065 Fukano
100%
R-160 Galagladi
100%
R-177 Gallopa
100%
R-042 Georok
100%
R-043 Geowaz
100%
R-116 Giflor
100%
R-080 Glibunkel
100%
R-139 Glurak
100%
R-015 Golbat
100%
R-159 Guardevoir
100%
R-029 Hariyama
100%
R-228 Heatran
100%
R-246 Hippopotas
100%
R-247 Hippoterus
100%
R-060 Honweisel
100%
R-016 Iksbat
100%
R-208 Impoleon
100%
R-251 Kaumalat
100%
R-047 Kikugi
100%
R-048 Kinoso
100%
R-158 Kirlia
100%
R-041 Kleinstein
100%
R-008 Knospi
100%
R-084 Koknodon
100%
R-250 Lepumentas
100%
R-223 Lucario
100%
R-087 Lumineon
100%
R-050 Luxio
100%
R-051 Luxtra
100%
R-161 Machollo
100%
R-163 Machomei
100%
R-075 Magbrant
100%
R-073 Magby
100%
R-074 Magmar
100%
R-062 Magnetilo
100%
R-063 Magneton
100%
R-064 Magnezone
100%
R-028 Makuhita
100%
R-027 Mampfaxo
100%
R-091 Mantax
100%
R-162 Maschock
100%
R-030 Mobai
100%
R-031 Mogelbaum
100%
R-241 Moterpel
100%
R-114 Myrapla
100%
R-240 Noktuska
100%
R-026 Pachirisu
100%
R-170 Panferno
100%
R-168 Panflam
100%
R-169 Panpyro
100%
R-001 Pichu
100%
R-002 Pikachu
100%
R-174 Piondragi
100%
R-173 Pionskora
100%
R-206 Plinfa
100%
R-207 Pliprin
100%
R-176 Ponita
100%
R-224 Qurtel
100%
R-003 Raichu
100%
R-085 Rameidon
100%
R-267 Regigigas
100%
R-149 Rihorn
100%
R-151 Rihornior
100%
R-222 Riolu
100%
R-150 Rizeros
100%
R-009 Roselia
100%
R-010 Roserade
100%
R-231 Seedraking
100%
R-230 Seemon
100%
R-229 Seeper
100%
R-049 Sheinux
100%
R-040 Shnurgarst
100%
R-245 Snibunna
100%
R-244 Sniebel
100%
R-023 Staralili
100%
R-025 Staraptor
100%
R-024 Staravia
100%
R-095 Starmie
100%
R-094 Sterndu
100%
R-036 Tangoloss
100%
R-234 Tentoxa
100%
R-096 Tohaido
100%
R-081 Toxiquak
100%
R-157 Trasla
100%
R-013 Turtok
100%
R-239 Tuska
100%
R-172 Vulnona
100%
R-171 Vulpix
100%
R-059 Wadribie
100%
R-237 Wailmer
100%
R-238 Wailord
100%
R-083 Zirpeise
100%
R-082 Zirpurze
100%
R-193 Zobiris
100%
R-014 Zubat
100%
R-256 Absol
75%
R-018 Alpollo
75%
R-109 Ambidiffel
75%
R-098 Aquana
75%
R-092 Baldorfish
75%
R-148 Banette
75%
R-058 Bibor
75%
R-099 Blitza
75%
R-117 Blubella
75%
R-182 Bollterus
75%
R-227 Brutalanda
75%
R-124 Camaub
75%
R-125 Camerupt
75%
R-122 Despotar
75%
SP-1 Dialga
75%
R-135 Dodri
75%
R-134 Dodu
75%
R-226 Draschel
75%
R-097 Evoli
75%
R-214 Firnontor
75%
R-100 Flamara
75%
R-130 Flunkifer
75%
R-103 Folipurba
75%
R-215 Frosdedje
75%
R-038 Gastrodon
75%
R-019 Gengar
75%
R-243 Gewaldro
75%
R-104 Glaziola
75%
R-137 Glumanda
75%
R-138 Glutexo
75%
R-108 Griffel
75%
R-020 Haspiror
75%
R-154 Hundemon
75%
R-153 Hunduster
75%
R-146 Kangama
75%
R-225 Kindwurm
75%
R-205 Klingplim
75%
R-253 Knakrack
75%
R-252 Knarksel
75%
R-186 Kramshef
75%
R-185 Kramurx
75%
R-196 Kryppuk
75%
R-120 Larvitar
75%
R-141 Magcargo
75%
R-090 Mantirps
75%
R-102 Nachtara
75%
R-044 Nasgnet
75%
R-017 Nebulak
75%
SP-2 Palkia
75%
R-164 Pantimimi
75%
R-189 Panzaeron
75%
R-079 Pelipper
75%
R-069 Plaudagei
75%
R-101 Psiana
75%
R-121 Pupitar
75%
R-067 Rattfratz
75%
R-068 Rattikarl
75%
R-265 Regice
75%
R-264 Regirock
75%
R-266 Registeel
75%
R-212 Rexblisar
75%
R-210 Rossana
75%
R-195 Sandamer
75%
R-194 Sandan
75%
R-037 Schalellos
75%
R-217 Scherox
75%
R-011 Schiggy
75%
R-012 Schillok
75%
R-181 Schilterus
75%
R-021 Schlapor
75%
R-140 Schneckmag
75%
R-213 Schneppke
75%
R-006 Schwalbini
75%
R-007 Schwalboss
75%
R-198 Seejong
75%
R-197 Seemops
75%
SP-3 Shaymin
75%
R-211 Shnebedeck
75%
R-147 Shuppet
75%
R-216 Sichlor
75%
R-128 Skorgla
75%
R-129 Skorgro
75%
R-144 Skunkapuh
75%
R-145 Skuntank
75%
R-133 Stolloss
75%
R-132 Stollrak
75%
R-131 Stollunior
75%
R-110 Tannza
75%
R-261 Togekiss
75%
R-220 Traunfugil
75%
R-221 Traunmagil
75%
R-136 Venuflibis
75%
R-199 Walraisa
75%
R-078 Wingull
75%
R-118 Yanma
75%
R-119 Yanmega
75%
R-192 Zwirrfinst
75%
R-191 Zwirrklop
75%
R-190 Zwirrlicht
75%
R-232 Aalabyss
50%
R-183 Abra
50%
R-258 Aerodactyl
50%
R-107 Ampharos
50%
R-156 Ariados
50%
R-034 Blanas
50%
R-209 Botogel
50%
R-032 Bummelz
50%
R-263 Celebi
50%
R-219 Dragonir
50%
R-218 Dratini
50%
R-111 Forstellka
50%
R-178 Girafarig
50%
R-057 Hornliu
50%
R-201 Keifel
50%
R-204 Knuddeluff
50%
R-088 Lampi
50%
R-089 Lanturn
50%
R-077 Lektrobal
50%
R-259 Libelldra
50%
R-255 Lohgock
50%
R-202 Mamutel
50%
R-126 Menki
50%
R-046 Miltank
50%
R-180 Ninjask
50%
R-165 Pantimos
50%
R-123 Pinsir
50%
R-262 Porygon-Z
50%
R-203 Pummeluff
50%
R-200 Quiekel
50%
R-061 Rabauz
50%
R-127 Rasaff
50%
R-233 Saganabyss
50%
R-033 Samurzel
50%
R-242 Sarzenia
50%
R-175 Schlurplek
50%
R-184 Simsala
50%
R-188 Smogmog
50%
R-187 Smogon
50%
R-179 Tauros
50%
R-035 Tengulist
50%
R-105 Voltilamm
50%
R-076 Voltobal
50%
R-045 Voluminas
50%
R-106 Waaty
50%
R-155 Webarak
50%
R-022 Wonneira
50%
R-260 Altaria
25%
R-235 Amonitas
25%
R-236 Amoroso
25%
R-112 Habitak
25%
R-167 Hypno
25%
R-113 Ibitak
25%
R-152 Sleimok
25%
R-166 Traumato
25%
Keine übereinstimmenden Quizze gefunden
Verteilung der Resultate
Anzahl Personen mit jedem Resultat
Perzentil nach korrekt beantworteten Fragen
Ihre Resultats-Entwicklung
Sie haben dieses Quiz noch nicht gespielt